000 00644cam a22002413a 4500
001 3474
003 PGUSA
005 20140828083033.0
008 021001s2002||||xxu|||||s|||||000 1 eng d
040 _aPGUSA
_beng
042 _adc
050 4 _aPR
100 1 _aWalpole, Hugh,
_cSir,
_d1884-1941
245 1 0 _aJeremy
_h[electronic resource] /
_cHugh, Walpole
260 _bProject Gutenberg,
_c2002
506 _aPublic domain in the USA.
516 _aElectronic text
653 _aBoys -- Fiction
653 _aEngland -- Fiction
830 0 _aProject Gutenberg
_v3474
856 4 0 _uhttp://www.gutenberg.org/ebooks/3474
942 _cEB
999 _c232803
_d232803